LDR 01787namaa2200385 i 4500 001 000000178688 003 CaOOAMICUS 005 20260423105236.0 008 260423s2026 it u000 u ita r 020 $a978-88-08-69925-1* 032 $aLibriCat 040 $aPUL$bita 082 10$a346.4507 245 03$aLa composizione negoziata della crisi di impresa :$besperienze applicative /$ca cura di Salvatore Sanzo ; contributi di Niccolò Abriani ... [et al.] ; presentazione di Sandro Pettinato. 250 $aPrima edizione: marzo 2026 260 $aBologna :$bZanichelli,$c©2026. 300 $aXVIII, 643 pagine ;$c25 cm 336 $atesto$btxt$2rdacontent 337 $asenza mediazione$bn$2rdamedia 338 $avolume$bnc$2rdacarrier 490 1 $aStrumenti del diritto ;$v69 504 $aBibliografia in nota. 650 4$aImprese$xDiritto e legislazione.$0(OLS)http://pul/subject/25883 700 1 $aSanzo, Salvatore,$d1957-,$ecuratore.$0(OLS)http://pul/name/71609 700 1 $aPettinato, Sandro,$eautore di introduzione.$0(OLS)http://pul/name/114982 700 1 $aAbriani, Niccolò,$d1966-,$econtributore.$0(OLS)http://pul/name/75372 830 0$aStrumenti del diritto ;$v69.$0(OLS)http://pul/title/136502 850 $aPUL 852 $aPUL$W1$xSL Diritto e Scienze Sociali 3$y79$m348 COLL 1.69$j202461$qDDC 21$B207872$CPULBib$Z2$F207872 $H138582 $82 941 1 $a9 996 $6020$a978-88-08-69925-1*$9(OLS)http://pul/number/170947 996 $6082$a346.4507$9(OLS)http://pul/classification/1803 996 $6245$aLa composizione negoziata della crisi di impresa :$besperienze applicative$9(OLS)http://pul/title/220264 996 $6260$aBologna :$bZanichelli$9(OLS)http://pul/publisher/48255